[Event "DEM U14 2019"]
[Site "Willingen GER"]
[Date "2019.06.12"]
[Round "5"]
[White "Farokhi, Keyvan"]
[Black "Simukov, Erik"]
[Result "1/2-1/2"]
[Termination "normal"]
[Board "10"]
[WhiteElo "1963"]
[BlackElo "1904"]
[WhiteClock "01:02:57"]
[BlackClock "00:09:07"]
[PlyCount "55"]
[WhiteFideId "12998630"]
[BlackFideId "12995380"]
[EventCountry "GER"]
[EventRounds "9"]
[EventType "swiss"]
[EventDate "2019.06.08"]

1. e4 {[%clk 1:30:57]} 1... e5 {[%clk 1:30:54]} 2. Nf3 {[%clk 1:31:22]} 2...
Nc6 {[%clk 1:31:17]} 3. c3 {[%clk 1:31:46]} 3... d5 {[%clk 1:31:00]} 4. Qa4 {
[%clk 1:31:57]} 4... Bd7 {[%clk 1:06:12]} 5. exd5 {[%clk 1:32:00]} 5... Nd4 {
[%clk 1:06:27]} 6. Qd1 {[%clk 1:32:29]} 6... Nxf3+ {[%clk 1:06:44]} 7. Qxf3 {
[%clk 1:32:58]} 7... Nf6 {[%clk 1:06:52]} 8. Bc4 {[%clk 1:33:12]} 8... Bd6 {
[%clk 1:01:58]} 9. d3 {[%clk 1:29:38]} 9... Bg4 {[%clk 0:56:18]} 10. Qg3 {
[%clk 1:25:40]} 10... Qd7 {[%clk 0:47:26]} 11. h3 {[%clk 1:20:37]} 11... e4 {
[%clk 0:44:12]} 12. Qe3 {[%clk 1:20:38]} 12... Bf5 {[%clk 0:42:19]} 13. dxe4 {
[%clk 1:20:46]} 13... O-O {[%clk 0:42:24]} 14. Nd2 {[%clk 1:19:52]} 14... Nxe4
{[%clk 0:41:04]} 15. Nxe4 {[%clk 1:18:03]} 15... Bxe4 {[%clk 0:41:28]} 16. O-O
{[%clk 1:17:15]} 16... Rfe8 {[%clk 0:41:41]} 17. Qg5 {[%clk 1:16:59]} 17... Re5
{[%clk 0:40:04]} 18. Qg4 {[%clk 1:16:32]} 18... Qxg4 {[%clk 0:33:13]} 19. hxg4
{[%clk 1:15:08]} 19... Bxd5 {[%clk 0:30:10]} 20. Bxd5 {[%clk 1:15:29]} 20...
Rxd5 {[%clk 0:30:35]} 21. Be3 {[%clk 1:15:26]} 21... Rd8 {[%clk 0:29:25]} 22.
Rfe1 {[%clk 1:13:13]} 22... a6 {[%clk 0:19:54]} 23. Kf1 {[%clk 1:12:35]} 23...
h6 {[%clk 0:14:36]} 24. c4 {[%clk 1:06:49]} 24... Rd3 {[%clk 0:13:15]} 25. Rad1
{[%clk 1:05:42]} 25... Bb4 {[%clk 0:11:02]} 26. Ke2 {[%clk 1:02:17]} 26... Rxd1
{[%clk 0:08:54]} 27. Rxd1 {[%clk 1:02:38]} 27... Rxd1 {[%clk 0:09:07]} 28. Kxd1
{[%clk 1:02:57]} 1/2-1/2

[Event "DEM U14 2019"]
[Site "Willingen GER"]
[Date "2019.06.12"]
[Round "5"]
[White "Tham, Nam"]
[Black "Laux, Dominik"]
[Result "1/2-1/2"]
[Termination "normal"]
[Board "11"]
[WhiteElo "1993"]
[BlackElo "2061"]
[WhiteClock "00:20:39"]
[BlackClock "00:08:36"]
[PlyCount "65"]
[WhiteFideId "12997331"]
[BlackFideId "12994219"]
[EventCountry "GER"]
[EventRounds "9"]
[EventType "swiss"]
[EventDate "2019.06.08"]

1. e4 {[%clk 1:30:58]} 1... c6 {[%clk 1:30:34]} 2. Nc3 {[%clk 1:31:21]} 2... d5
{[%clk 1:30:58]} 3. Nf3 {[%clk 1:31:46]} 3... Bg4 {[%clk 1:31:21]} 4. h3 {
[%clk 1:32:06]} 4... Bxf3 {[%clk 1:31:44]} 5. Qxf3 {[%clk 1:32:31]} 5... e6 {
[%clk 1:32:03]} 6. d4 {[%clk 1:32:39]} 6... dxe4 {[%clk 1:30:29]} 7. Nxe4 {
[%clk 1:33:03]} 7... Qxd4 {[%clk 1:27:04]} 8. c3 {[%clk 1:33:12]} 8... Qb6 {
[%clk 1:23:51]} 9. Bg5 {[%clk 1:26:27]} 9... Nd7 {[%clk 1:13:53]} 10. Rd1 {
[%clk 1:26:32]} 10... f6 {[%clk 1:09:53]} 11. Bh4 {[%clk 1:24:22]} 11... O-O-O
{[%clk 1:06:05]} 12. Be2 {[%clk 1:22:35]} 12... Be7 {[%clk 0:57:48]} 13. O-O {
[%clk 1:21:30]} 13... Nh6 {[%clk 0:55:38]} 14. Bg3 {[%clk 1:20:41]} 14... e5 {
[%clk 0:53:56]} 15. Nd2 {[%clk 1:18:28]} 15... Nc5 {[%clk 0:50:10]} 16. Nc4 {
[%clk 1:13:43]} 16... Qc7 {[%clk 0:48:31]} 17. Rb1 {[%clk 1:12:01]} 17... Ne6 {
[%clk 0:45:15]} 18. b4 {[%clk 1:11:00]} 18... Kb8 {[%clk 0:40:06]} 19. a4 {
[%clk 1:05:03]} 19... Ng5 {[%clk 0:38:34]} 20. Qe3 {[%clk 1:05:28]} 20... Nf5 {
[%clk 0:38:51]} 21. Qc1 {[%clk 1:05:55]} 21... Ne4 {[%clk 0:38:09]} 22. Kh2 {
[%clk 1:05:35]} 22... Nfd6 {[%clk 0:35:07]} 23. Rb2 {[%clk 0:55:12]} 23... Nxc4
{[%clk 0:33:04]} 24. Bxc4 {[%clk 0:55:26]} 24... f5 {[%clk 0:28:26]} 25. Re2 {
[%clk 0:34:21]} 25... Bf6 {[%clk 0:23:15]} 26. Rxe4 {[%clk 0:31:51]} 26... fxe4
{[%clk 0:23:38]} 27. Qe3 {[%clk 0:32:13]} 27... Rhe8 {[%clk 0:19:47]} 28. Qxe4
{[%clk 0:31:55]} 28... h6 {[%clk 0:18:50]} 29. Re1 {[%clk 0:30:32]} 29... Ka8 {
[%clk 0:18:05]} 30. f3 {[%clk 0:30:27]} 30... c5 {[%clk 0:12:21]} 31. b5 {
[%clk 0:28:07]} 31... Qd6 {[%clk 0:10:16]} 32. a5 {[%clk 0:27:46]} 32... Re7 {
[%clk 0:08:36]} 33. a6 {[%clk 0:20:39]} 1/2-1/2

[Event "DEM U14 2019"]
[Site "Willingen GER"]
[Date "2019.06.12"]
[Round "5"]
[White "Haack, Kevin"]
[Black "Matthäi, Jakob"]
[Result "1-0"]
[Termination "normal"]
[Board "12"]
[WhiteElo "2033"]
[BlackElo "1666"]
[WhiteClock "00:53:14"]
[BlackClock "00:20:35"]
[PlyCount "121"]
[WhiteFideId "16228715"]
[BlackFideId "16240421"]
[EventCountry "GER"]
[EventRounds "9"]
[EventType "swiss"]
[EventDate "2019.06.08"]

1. c4 {[%clk 1:30:59]} 1... Nf6 {[%clk 1:30:54]} 2. Nc3 {[%clk 1:31:23]} 2...
e6 {[%clk 1:31:19]} 3. e4 {[%clk 1:31:48]} 3... d5 {[%clk 1:31:45]} 4. cxd5 {
[%clk 1:32:12]} 4... exd5 {[%clk 1:32:08]} 5. e5 {[%clk 1:32:38]} 5... Ne4 {
[%clk 1:32:22]} 6. Nf3 {[%clk 1:33:00]} 6... Nxc3 {[%clk 1:29:36]} 7. bxc3 {
[%clk 1:33:09]} 7... c5 {[%clk 1:29:06]} 8. d4 {[%clk 1:33:08]} 8... Nc6 {
[%clk 1:28:11]} 9. Bd3 {[%clk 1:31:04]} 9... c4 {[%clk 1:25:44]} 10. Bc2 {
[%clk 1:30:44]} 10... Be7 {[%clk 1:25:16]} 11. a4 {[%clk 1:29:14]} 11... Bg4 {
[%clk 1:19:52]} 12. O-O {[%clk 1:27:54]} 12... O-O {[%clk 1:17:19]} 13. h3 {
[%clk 1:27:10]} 13... Bh5 {[%clk 1:15:22]} 14. Re1 {[%clk 1:21:50]} 14... Qd7 {
[%clk 1:09:53]} 15. Qe2 {[%clk 1:20:07]} 15... Nd8 {[%clk 1:06:43]} 16. e6 {
[%clk 1:05:28]} 16... Nxe6 {[%clk 0:58:30]} 17. g4 {[%clk 1:05:36]} 17... Bg6 {
[%clk 0:58:34]} 18. Ne5 {[%clk 1:05:38]} 18... Qc8 {[%clk 0:57:54]} 19. Bxg6 {
[%clk 0:57:28]} 19... hxg6 {[%clk 0:58:06]} 20. Nxg6 {[%clk 0:57:44]} 20...
fxg6 {[%clk 0:58:28]} 21. Qxe6+ {[%clk 0:58:07]} 21... Qxe6 {[%clk 0:58:53]}
22. Rxe6 {[%clk 0:58:33]} 22... Kf7 {[%clk 0:57:38]} 23. Re5 {[%clk 0:58:21]}
23... Rad8 {[%clk 0:57:24]} 24. Rb1 {[%clk 0:57:52]} 24... Rd7 {[%clk 0:56:27]}
25. Rxe7+ {[%clk 0:53:04]} 25... Rxe7 {[%clk 0:55:59]} 26. Ba3 {[%clk 0:53:28]}
26... Rfe8 {[%clk 0:55:58]} 27. Bxe7 {[%clk 0:53:37]} 27... Rxe7 { [%clk
0:56:27]} 28. Kg2 {[%clk 0:52:12]} 28... g5 {[%clk 0:54:59]} 29. Rb5 { [%clk
0:49:32]} 29... Ke6 {[%clk 0:52:42]} 30. Kg3 {[%clk 0:49:08]} 30... Kd6 { [%clk
0:48:19]} 31. h4 {[%clk 0:45:58]} 31... gxh4+ {[%clk 0:42:26]} 32. Kxh4 { [%clk
0:46:20]} 32... b6 {[%clk 0:42:10]} 33. Rb2 {[%clk 0:46:34]} 33... Re1 { [%clk
0:42:20]} 34. Rc2 {[%clk 0:37:53]} 34... Ke6 {[%clk 0:29:19]} 35. Kg5 { [%clk
0:36:07]} 35... Kf7 {[%clk 0:28:44]} 36. a5 {[%clk 0:34:55]} 36... b5 { [%clk
0:26:30]} 37. a6 {[%clk 0:34:49]} 37... Rb1 {[%clk 0:26:28]} 38. Kf5 { [%clk
0:33:39]} 38... b4 {[%clk 0:22:47]} 39. cxb4 {[%clk 0:33:28]} 39... Rxb4 {[%clk
0:22:59]} 40. Ke5 {[%clk 0:33:01]} 40... Rb5 {[%clk 0:21:35]} 41. Kd6 { [%clk
0:33:10]} 41... g5 {[%clk 0:15:39]} 42. Kc6 {[%clk 0:31:09]} 42... Rb6+ { [%clk
0:12:25]} 43. Kxd5 {[%clk 0:31:32]} 43... Rxa6 {[%clk 0:12:52]} 44. Rxc4 {[%clk
0:31:25]} 44... Ra2 {[%clk 0:12:55]} 45. f3 {[%clk 0:31:22]} 45... a5 { [%clk
0:07:17]} 46. Rc7+ {[%clk 0:30:17]} 46... Kf6 {[%clk 0:07:21]} 47. Rc6+ { [%clk
0:30:34]} 47... Kf7 {[%clk 0:07:35]} 48. Ke5 {[%clk 0:29:45]} 48... Rf2 { [%clk
0:03:01]} 49. Rc3 {[%clk 0:29:49]} 49... Kg6 {[%clk 0:29:52]} 50. Ra3 { [%clk
0:59:56]} 50... Re2+ {[%clk 0:29:55]} 51. Kd5 {[%clk 1:00:04]} 51... Kf6 {[%clk
0:27:02]} 52. Kd6 {[%clk 0:59:27]} 52... Rd2 {[%clk 0:24:55]} 53. d5 { [%clk
0:59:10]} 53... Rd1 {[%clk 0:25:05]} 54. Rxa5 {[%clk 0:51:57]} 54... Rd3 {[%clk
0:25:23]} 55. Kd7 {[%clk 0:52:19]} 55... Rxf3 {[%clk 0:25:18]} 56. d6 { [%clk
0:52:43]} 56... Rg3 {[%clk 0:22:00]} 57. Rf5+ {[%clk 0:52:34]} 57... Kg6 {[%clk
0:22:29]} 58. Ke6 {[%clk 0:52:40]} 58... Rxg4 {[%clk 0:21:16]} 59. d7 { [%clk
0:52:47]} 59... Rd4 {[%clk 0:21:00]} 60. Rd5 {[%clk 0:53:10]} 60... Re4+ {[%clk
0:20:35]} 61. Kd6 {[%clk 0:53:14]} 1-0

[Event "DEM U14 2019"]
[Site "Willingen GER"]
[Date "2019.06.12"]
[Round "5"]
[White "Röste, Hugo"]
[Black "Kosev, Momchil"]
[Result "1/2-1/2"]
[Termination "normal"]
[Board "13"]
[WhiteElo "1466"]
[BlackElo "1827"]
[WhiteClock "00:45:09"]
[BlackClock "00:29:50"]
[PlyCount "45"]
[WhiteFideId "16247604"]
[BlackFideId "12975982"]
[EventCountry "GER"]
[EventRounds "9"]
[EventType "swiss"]
[EventDate "2019.06.08"]

1. d4 {[%clk 1:30:59]} 1... Nf6 {[%clk 1:30:55]} 2. c4 {[%clk 1:31:22]} 2... e6
{[%clk 1:31:09]} 3. Nf3 {[%clk 1:31:44]} 3... Bb4+ {[%clk 1:31:32]} 4. Bd2 {
[%clk 1:31:58]} 4... Qe7 {[%clk 1:31:53]} 5. e3 {[%clk 1:32:09]} 5... a5 {
[%clk 1:25:29]} 6. Be2 {[%clk 1:31:02]} 6... Ne4 {[%clk 1:17:51]} 7. O-O {
[%clk 1:27:56]} 7... b6 {[%clk 1:16:29]} 8. a3 {[%clk 1:24:45]} 8... Bxd2 {
[%clk 1:16:52]} 9. Nbxd2 {[%clk 1:25:05]} 9... Bb7 {[%clk 1:17:02]} 10. Qc2 {
[%clk 1:23:37]} 10... f5 {[%clk 1:16:27]} 11. h3 {[%clk 1:21:41]} 11... O-O {
[%clk 1:14:46]} 12. Rfc1 {[%clk 1:17:07]} 12... d6 {[%clk 1:09:27]} 13. b4 {
[%clk 1:07:11]} 13... axb4 14. axb4 {[%clk 1:07:28]} 14... Nd7 {[%clk 1:08:02]}
15. Nxe4 {[%clk 1:05:48]} 15... Bxe4 {[%clk 1:05:04]} 16. Qc3 {[%clk 1:05:21]}
16... Nf6 {[%clk 0:55:29]} 17. Rxa8 {[%clk 1:00:15]} 17... Rxa8 {[%clk 0:54:05]
} 18. Ra1 {[%clk 0:58:37]} 18... Rxa1+ {[%clk 0:45:03]} 19. Qxa1 { [%clk
0:58:57]} 19... h6 {[%clk 0:42:20]} 20. Nd2 {[%clk 0:57:27]} 20... Bc6 { [%clk
0:35:06]} 21. b5 {[%clk 0:55:13]} 21... Be8 {[%clk 0:31:21]} 22. Qa8 { [%clk
0:48:25]} 22... Kh7 {[%clk 0:29:50]} 23. Bf3 {[%clk 0:45:09]} 1/2-1/2

[Event "DEM U14 2019"]
[Site "Willingen GER"]
[Date "2019.06.12"]
[Round "5"]
[White "Schubert, Nikita"]
[Black "Sinnhöfer, Joshua"]
[Result "1-0"]
[Termination "normal"]
[Board "14"]
[WhiteElo "1806"]
[BlackElo "1466"]
[WhiteClock "00:01:45"]
[BlackClock "00:49:31"]
[PlyCount "80"]
[WhiteFideId "16212339"]
[BlackFideId "16201361"]
[EventCountry "GER"]
[EventRounds "9"]
[EventType "swiss"]
[EventDate "2019.06.08"]

1. d4 {[%clk 1:30:57]} 1... d5 {[%clk 1:30:50]} 2. Nf3 {[%clk 1:31:21]} 2...
Nf6 {[%clk 1:31:10]} 3. g3 {[%clk 1:31:43]} 3... c5 {[%clk 1:31:29]} 4. Bg2 {
[%clk 1:29:56]} 4... Nc6 {[%clk 1:31:34]} 5. O-O {[%clk 1:29:53]} 5... cxd4 {
[%clk 1:30:45]} 6. Nxd4 {[%clk 1:30:12]} 6... e5 {[%clk 1:31:11]} 7. Nxc6 {
[%clk 1:29:36]} 7... bxc6 {[%clk 1:29:58]} 8. c4 {[%clk 1:29:19]} 8... Be6 {
[%clk 1:29:15]} 9. Bg5 {[%clk 1:20:36]} 9... Qd7 {[%clk 1:21:38]} 10. Nc3 {
[%clk 1:05:40]} 10... Rd8 {[%clk 1:18:04]} 11. Qa4 {[%clk 1:03:33]} 11... Be7 {
[%clk 1:11:34]} 12. Rfd1 {[%clk 1:03:06]} 12... O-O {[%clk 1:09:24]} 13. Rd2 {
[%clk 0:53:59]} 13... Qb7 {[%clk 1:04:23]} 14. Rad1 {[%clk 0:52:12]} 14... e4 {
[%clk 1:00:55]} 15. Bxf6 {[%clk 0:43:00]} 15... Bxf6 {[%clk 0:59:35]} 16. Qa5 {
[%clk 0:43:10]} 16... Bxc3 {[%clk 0:58:45]} 17. bxc3 {[%clk 0:33:33]} 17... Rb8
{[%clk 0:57:36]} 18. Qa4 {[%clk 0:22:16]} 18... Qb6 {[%clk 0:56:35]} 19. e3 {
[%clk 0:16:43]} 19... Rfc8 {[%clk 0:56:30]} 20. Rc1 {[%clk 0:14:31]} 20... h6 {
[%clk 0:55:07]} 21. Rdc2 {[%clk 0:14:28]} 21... Rb7 {[%clk 0:53:59]} 22. Bf1 {
[%clk 0:14:17]} 22... a5 {[%clk 0:52:50]} 23. cxd5 {[%clk 0:11:48]} 23... cxd5
{[%clk 0:52:59]} 24. Kg2 {[%clk 0:04:28]} 24... Qc5 {[%clk 0:51:06]} 25. Ba6 {
[%clk 0:02:41]} 25... Bd7 {[%clk 0:49:16]} 26. Qd4 {[%clk 0:02:49]} 26... Qxd4
{[%clk 0:49:27]} 27. exd4 {[%clk 0:03:07]} 27... Rbc7 {[%clk 0:49:44]} 28. Bxc8
{[%clk 0:03:31]} 28... Rxc8 {[%clk 0:49:36]} 29. c4 {[%clk 0:03:25]} 29... Kf8
{[%clk 0:49:12]} 30. cxd5 {[%clk 0:03:31]} 30... Rxc2 {[%clk 0:48:59]} 31. Rxc2
{[%clk 0:04:01]} 31... Ke7 {[%clk 0:49:21]} 32. f3 {[%clk 0:02:23]} 32... exf3+
{[%clk 0:48:59]} 33. Kxf3 Kd6 34. Ke3 {[%clk 0:02:44]} 34... a4 {[%clk 0:49:27]
} 35. Rc5 {[%clk 0:02:05]} 35... g5 {[%clk 0:49:47]} 36. Ra5 {[%clk 0:01:37]}
36... h5 37. h4 {[%clk 0:02:06]} 37... gxh4 {[%clk 0:49:44]} 38. gxh4 38... f5
{[%clk 0:49:55]} 39. Kf4 {[%clk 0:02:21]} 39... Kc7 {[%clk 0:49:11]} 40. Ra7+ {
[%clk 0:01:45]} 40... Kd6 {[%clk 0:49:31]} 1-0

[Event "DEM U14 2019"]
[Site "Willingen GER"]
[Date "2019.06.12"]
[Round "5"]
[White "Schauties, Nico Antonio"]
[Black "Haufe, Laurin"]
[Result "1/2-1/2"]
[Termination "normal"]
[Board "15"]
[WhiteElo "1866"]
[BlackElo "1995"]
[WhiteClock "00:39:02"]
[BlackClock "00:16:46"]
[PlyCount "42"]
[WhiteFideId "16206371"]
[BlackFideId "12976504"]
[EventCountry "GER"]
[EventRounds "9"]
[EventType "swiss"]
[EventDate "2019.06.08"]

1. c4 {[%clk 1:30:58]} 1... Nf6 {[%clk 1:30:56]} 2. Nc3 {[%clk 1:31:22]} 2...
g6 {[%clk 1:31:04]} 3. g3 {[%clk 1:31:39]} 3... Bg7 {[%clk 1:31:21]} 4. Bg2 {
[%clk 1:31:54]} 4... c5 {[%clk 1:31:36]} 5. Nf3 {[%clk 1:32:12]} 5... O-O {
[%clk 1:31:55]} 6. O-O {[%clk 1:32:04]} 6... Nc6 {[%clk 1:32:09]} 7. d4 { [%clk
1:31:53]} 7... cxd4 {[%clk 1:32:34]} 8. Nxd4 {[%clk 1:32:17]} 8... d6 { [%clk
1:32:41]} 9. Nxc6 {[%clk 1:24:27]} 9... bxc6 {[%clk 1:33:07]} 10. Bxc6 { [%clk
1:24:46]} 10... Rb8 {[%clk 1:33:35]} 11. Bg2 {[%clk 1:19:03]} 11... Qa5 { [%clk
1:33:55]} 12. Qc2 {[%clk 1:15:35]} 12... Qh5 {[%clk 1:33:05]} 13. c5 { [%clk
1:01:22]} 13... dxc5 {[%clk 1:24:41]} 14. Rd1 {[%clk 0:55:39]} 14... Bf5 {[%clk
1:13:07]} 15. Qa4 {[%clk 0:48:50]} 15... Bh3 {[%clk 0:59:20]} 16. Bh1 { [%clk
0:47:36]} 16... Be6 {[%clk 0:38:31]} 17. Bg2 {[%clk 0:42:28]} 17... Rb4 { [%clk
0:32:22]} 18. Qxa7 {[%clk 0:41:08]} 18... Ng4 {[%clk 0:29:05]} 19. h3 { [%clk
0:40:37]} 19... Nf6 {[%clk 0:25:10]} 20. Kh2 {[%clk 0:38:41]} 20... Ng4+ {[%clk
0:19:28]} 21. Kg1 {[%clk 0:39:02]} 21... Nf6 {[%clk 0:16:46]} 1/2-1/2

[Event "DEM U14 2019"]
[Site "Willingen GER"]
[Date "2019.06.12"]
[Round "5"]
[White "Breß, Aaron"]
[Black "May, Ben-Iven"]
[Result "0-1"]
[Termination "normal"]
[Board "16"]
[WhiteElo "1849"]
[BlackElo "1692"]
[WhiteClock "00:00:35"]
[BlackClock "00:40:48"]
[PlyCount "60"]
[WhiteFideId "12996432"]
[BlackFideId "16229673"]
[EventCountry "GER"]
[EventRounds "9"]
[EventType "swiss"]
[EventDate "2019.06.08"]

1. e4 {[%clk 1:30:55]} 1... c5 {[%clk 1:30:55]} 2. Nf3 {[%clk 1:31:00]} 2... d6
{[%clk 1:31:16]} 3. d4 {[%clk 1:31:24]} 3... cxd4 {[%clk 1:31:43]} 4. Nxd4 {
[%clk 1:31:47]} 4... Nf6 {[%clk 1:32:08]} 5. Nc3 {[%clk 1:31:35]} 5... a6 {
[%clk 1:32:32]} 6. Bg5 {[%clk 1:23:29]} 6... e6 {[%clk 1:32:23]} 7. f4 { [%clk
1:22:06]} 7... Be7 {[%clk 1:32:47]} 8. Qf3 {[%clk 1:19:34]} 8... Nbd7 { [%clk
1:32:57]} 9. O-O-O {[%clk 1:17:41]} 9... h6 {[%clk 1:31:53]} 10. Bxf6 { [%clk
1:10:02]} 10... Bxf6 {[%clk 1:32:16]} 11. g4 {[%clk 0:59:15]} 11... g5 { [%clk
1:32:24]} 12. f5 {[%clk 0:48:02]} 12... Ne5 {[%clk 1:32:31]} 13. Qe2 { [%clk
0:43:59]} 13... Qc7 {[%clk 1:29:08]} 14. Bg2 {[%clk 0:43:02]} 14... Bd7 { [%clk
1:28:06]} 15. Rhf1 {[%clk 0:39:59]} 15... O-O {[%clk 1:28:23]} 16. Kb1 { [%clk
0:28:07]} 16... Rac8 {[%clk 1:27:01]} 17. h3 {[%clk 0:24:53]} 17... b5 { [%clk
1:25:32]} 18. Qd2 {[%clk 0:18:40]} 18... Nc4 {[%clk 1:24:20]} 19. Qc1 { [%clk
0:18:52]} 19... Qb6 {[%clk 1:12:42]} 20. Nce2 {[%clk 0:13:31]} 20... e5 { [%clk
1:09:14]} 21. Nf3 {[%clk 0:13:06]} 21... Ne3 {[%clk 1:09:42]} 22. Rxd6 { [%clk
0:12:52]} 22... Qxd6 {[%clk 1:09:39]} 23. Qxe3 {[%clk 0:13:14]} 23... Qc5
{[%clk 1:08:51]} 24. Qc1 {[%clk 0:12:41]} 24... Bc6 {[%clk 1:08:03]} 25. Ng3 {
[%clk 0:13:03]} 25... Qe7 {[%clk 0:52:38]} 26. Rh1 {[%clk 0:09:32]} 26... Rfd8
{[%clk 0:50:03]} 27. h4 {[%clk 0:04:23]} 27... Rd6 {[%clk 0:43:27]} 28. Bf1 {
[%clk 0:02:22]} 28... gxh4 {[%clk 0:40:18]} 29. Nh5 {[%clk 0:01:45]} 29... Bxe4
{[%clk 0:40:33]} 30. Nxf6+ {[%clk 0:00:35]} 30... Qxf6 {[%clk 0:40:48]} 0-1

[Event "DEM U14 2019"]
[Site "Willingen GER"]
[Date "2019.06.12"]
[Round "5"]
[White "Rockmann, Enno"]
[Black "Weidenhöfer, Max"]
[Result "0-1"]
[Termination "normal"]
[Board "17"]
[WhiteElo "1527"]
[BlackElo "1787"]
[WhiteClock "00:25:54"]
[BlackClock "00:11:04"]
[PlyCount "72"]
[WhiteFideId "12982920"]
[BlackFideId "16230566"]
[EventCountry "GER"]
[EventRounds "9"]
[EventType "swiss"]
[EventDate "2019.06.08"]

1. e4 {[%clk 1:30:59]} 1... c6 {[%clk 1:30:57]} 2. d4 {[%clk 1:31:27]} 2... d5
{[%clk 1:31:22]} 3. exd5 {[%clk 1:31:54]} 3... cxd5 {[%clk 1:31:44]} 4. c4 4...
Nf6 {[%clk 1:31:55]} 5. Nc3 {[%clk 1:32:15]} 5... Nc6 {[%clk 1:31:29]} 6. cxd5
{[%clk 1:32:18]} 6... Nxd5 {[%clk 1:31:49]} 7. Bc4 {[%clk 1:32:44]} 7... Nb6 {
[%clk 1:13:49]} 8. Bb5 {[%clk 1:33:11]} 8... Bd7 {[%clk 1:13:56]} 9. Bf4 {
[%clk 1:31:37]} 9... a6 {[%clk 1:12:40]} 10. Be2 {[%clk 1:27:20]} 10... e6 {
[%clk 1:07:30]} 11. Nf3 {[%clk 1:27:19]} 11... Bb4 {[%clk 1:05:27]} 12. O-O {
[%clk 1:27:28]} 12... O-O {[%clk 1:04:22]} 13. a3 {[%clk 1:27:55]} 13... Bxc3 {
[%clk 1:02:58]} 14. bxc3 {[%clk 1:28:21]} 14... Nd5 {[%clk 1:03:21]} 15. Qd2 {
[%clk 1:26:47]} 15... Nxf4 {[%clk 1:02:09]} 16. Qxf4 {[%clk 1:27:11]} 16... Ne7
{[%clk 1:02:09]} 17. Bd3 {[%clk 1:25:02]} 17... h6 {[%clk 0:56:56]} 18. Qe4 {
[%clk 1:24:45]} 18... g6 {[%clk 0:44:19]} 19. Qxb7 {[%clk 1:24:30]} 19... Bc6 {
[%clk 0:44:34]} 20. Qb2 {[%clk 1:24:06]} 20... Bxf3 {[%clk 0:41:09]} 21. gxf3 {
[%clk 1:24:30]} 21... Nd5 {[%clk 0:40:01]} 22. Qd2 {[%clk 1:23:34]} 22... Qh4 {
[%clk 0:30:02]} 23. Be4 {[%clk 1:20:57]} 23... Rad8 {[%clk 0:26:50]} 24. c4 {
[%clk 1:16:21]} 24... Nf4 {[%clk 0:26:45]} 25. Kh1 {[%clk 1:16:17]} 25... Nh3 {
[%clk 0:26:40]} 26. Rad1 {[%clk 1:07:55]} 26... Kh7 {[%clk 0:24:05]} 27. Qb2 {
[%clk 0:56:11]} 27... Ng5 {[%clk 0:21:34]} 28. Rfe1 {[%clk 0:54:43]} 28... f5 {
[%clk 0:19:47]} 29. Bc6 {[%clk 0:50:34]} 29... Rb8 {[%clk 0:18:25]} 30. Qe2 {
[%clk 0:49:39]} 30... Rb6 {[%clk 0:18:25]} 31. d5 {[%clk 0:48:55]} 31... Rb2 {
[%clk 0:10:22]} 32. Qxb2 {[%clk 0:26:19]} 32... Nxf3 {[%clk 0:10:35]} 33. Kg2 {
[%clk 0:26:26]} 33... Qg4+ {[%clk 0:10:51]} 34. Kh1 {[%clk 0:26:45]} 34... Qh3
{[%clk 0:11:05]} 35. Qb7+ {[%clk 0:26:14]} 35... Kg8 {[%clk 0:11:04]} 36. Qc7 {
[%clk 0:25:54]} 36... f4 0-1

[Event "DEM U14 2019"]
[Site "Willingen GER"]
[Date "2019.06.12"]
[Round "5"]
[White "Schulemann, Gero"]
[Black "Straub, Benno"]
[Result "1-0"]
[Termination "normal"]
[Board "18"]
[WhiteElo "1862"]
[BlackElo "1490"]
[WhiteClock "01:17:29"]
[BlackClock "01:28:26"]
[PlyCount "39"]
[WhiteFideId "16227646"]
[BlackFideId "16255488"]
[EventCountry "GER"]
[EventRounds "9"]
[EventType "swiss"]
[EventDate "2019.06.08"]

1. e4 {[%clk 1:30:59]} 1... e5 {[%clk 1:30:55]} 2. Nf3 {[%clk 1:31:26]} 2...
Nc6 {[%clk 1:31:22]} 3. Bc4 {[%clk 1:31:52]} 3... Bc5 {[%clk 1:31:47]} 4. b4 {
[%clk 1:32:18]} 4... Bxb4 {[%clk 1:32:12]} 5. c3 {[%clk 1:32:44]} 5... Ba5 {
[%clk 1:32:37]} 6. d4 {[%clk 1:33:09]} 6... d6 {[%clk 1:32:49]} 7. Qb3 { [%clk
1:32:15]} 7... Qe7 {[%clk 1:33:14]} 8. O-O {[%clk 1:30:35]} 8... Bb6 { [%clk
1:33:32]} 9. Bb5 {[%clk 1:29:08]} 9... a6 {[%clk 1:33:38]} 10. Bxc6+ { [%clk
1:23:36]} 10... bxc6 {[%clk 1:34:01]} 11. dxe5 {[%clk 1:23:32]} 11... dxe5
{[%clk 1:34:23]} 12. Ba3 {[%clk 1:23:28]} 12... Be6 {[%clk 1:33:44]} 13. Qa4
{[%clk 1:21:45]} 13... Qd8 {[%clk 1:33:08]} 14. Rd1 {[%clk 1:18:53]} 14... Bd7
{[%clk 1:31:01]} 15. Nxe5 {[%clk 1:17:25]} 15... Qf6 {[%clk 1:31:20]} 16. Nxd7
{[%clk 1:16:00]} 16... Qxf2+ {[%clk 1:31:38]} 17. Kh1 {[%clk 1:16:27]} 17...
Qe2 {[%clk 1:28:50]} 18. Nf6+ {[%clk 1:16:39]} 18... Nxf6 19. Qxc6+ 19... Nd7
{[%clk 1:28:26]} 20. Qxd7# {[%clk 1:17:29]} 1-0